<?xml version="1.0" encoding="UTF-8"?><?xml-stylesheet type="text/xsl" href="static/style.xsl"?><OAI-PMH xmlns="http://www.openarchives.org/OAI/2.0/" xmlns:xsi="http://www.w3.org/2001/XMLSchema-instance" xsi:schemaLocation="http://www.openarchives.org/OAI/2.0/ http://www.openarchives.org/OAI/2.0/OAI-PMH.xsd"><responseDate>2026-06-03T15:34:03Z</responseDate><request verb="GetRecord" identifier="oai:riuma.uma.es:10630/34892" metadataPrefix="marc">https://riuma.uma.es/rest/oai/request</request><GetRecord><record><header><identifier>oai:riuma.uma.es:10630/34892</identifier><datestamp>2026-02-03T11:45:19Z</datestamp><setSpec>com_10630_2254</setSpec><setSpec>col_10630_37956</setSpec></header><metadata><record xmlns="http://www.loc.gov/MARC21/slim" xmlns:dcterms="http://purl.org/dc/terms/" xmlns:doc="http://www.lyncode.com/xoai" xmlns:xsi="http://www.w3.org/2001/XMLSchema-instance" xsi:schemaLocation="http://www.loc.gov/MARC21/slim http://www.loc.gov/standards/marcxml/schema/MARC21slim.xsd">
   <leader>00925njm 22002777a 4500</leader>
   <datafield ind2=" " ind1=" " tag="042">
      <subfield code="a">dc</subfield>
   </datafield>
   <datafield ind2=" " ind1=" " tag="720">
      <subfield code="a">Novo-Sánchez, Francisco Javier</subfield>
      <subfield code="e">author</subfield>
   </datafield>
   <datafield ind2=" " ind1=" " tag="260">
      <subfield code="c">2014</subfield>
   </datafield>
   <datafield ind2=" " ind1=" " tag="520">
      <subfield code="a">Entre los jóvenes de buena familia del Reino Unido&#xd;
existía la costumbre, con ejemplos anteriores pero&#xd;
extendida en el setecientos y los primeros compases&#xd;
del siglo XIX, de completar los estudios superiores&#xd;
con un viaje formativo por Europa. España, un país&#xd;
desprestigiado en todos los órdenes, no entra hasta&#xd;
el ocaso del dieciocho en los circuitos frecuentados&#xd;
por los herederos de las élites británicas&#xd;
, que optan&#xd;
por destinos habituales como Francia y, sobre todo e&#xd;
inevitablemente, Italia, destino último de esta senda&#xd;
iniciática que se ha venido en llamar Grand Tour&#xd;
.&#xd;
Pese a todo, unos pocos e intrépidos ingleses viajan también, o en exclusiva, por la Península Ibérica&#xd;
para satisfacer su curiosidad y avidez intelectual&#xd;
, y&#xd;
en muy contadas ocasiones tienen el arrojo de adentrarse en la inaccesible y deprimida Galicia&#xd;
.</subfield>
   </datafield>
   <datafield ind1="8" ind2=" " tag="024">
      <subfield code="a">Vigo Trasancos, Alfredo (dir.). La ciudad y la mirada del artista. Visiones desde el Atlántico. Santiago de Compostela, Teófilo Edicións, 2014, pp. 351-379</subfield>
   </datafield>
   <datafield ind1="8" ind2=" " tag="024">
      <subfield code="a">9788494208690</subfield>
   </datafield>
   <datafield ind1="8" ind2=" " tag="024">
      <subfield code="a">https://hdl.handle.net/10630/34892</subfield>
   </datafield>
   <datafield tag="653" ind2=" " ind1=" ">
      <subfield code="a">Libros de viajes</subfield>
   </datafield>
   <datafield tag="653" ind2=" " ind1=" ">
      <subfield code="a">Galicia -  Descripción y viajes - S. XIX</subfield>
   </datafield>
   <datafield ind2="0" ind1="0" tag="245">
      <subfield code="a">Un retrato de Galicia en los cuadernos de viaje de John Henry Synge (1813).</subfield>
   </datafield>
</record>
</metadata></record></GetRecord></OAI-PMH>